000 00730nam a2200265 a 4500
001 nice12345678
003 IN_TiNIC
005 20260116012252.0
008 050524s1989 pria grp 000 0 eng
020 _a0691411
_c100
082 0 0 _a297.095695
_bANT
100 _aAntoun, Richard T
245 _aMuslim Preacher in the Modern World
_b Jordanian Cas Sdtudy In......
260 _aPrinceton
_bPrinceton University Press
_c1989
300 _a289p
500 _aincludes index and biblioraphy
505 2 _aAppendix, Index
650 _aIslam-Jordon
650 _aIslamic-Education
650 _aJordon-Religious Life and
700 1 _aAntoun, Richard T
902 _bSRS
942 _cBK
999 _c6322
_d6322